01110nam a2200193 a 450000100100000000500170001000800410002704000250006808200150009324500770010826000310018530000210021650504240023758600630066104900090072470000440073395201220077799900170089900002691920260305073951.0110328s1986 dr 000 0 spa d aDO-SdBNPbspacBNPHU axxxbS471l01aSemblanza de una labor periodística /cintroducción Frank Moya Pons. c[1986?].bCENAPEC,c[1986. a214 p. ;c22 cm.0 aPresentación del Premio APEC al Periodismo ¨José Ramón López¨-- Dr. Rafael Molina Morillo Presidente del Consejo Nacional del Premio -- Palabras de agradecimiento del Dr. Germán E. Ornes Coiscou, al recibir el Premio APEC al Periodismo ¨José Ramón López¨ 1986 -- La alimentación y las razas -- Ensayo por José Ramón López -- La paz en la República Dominicana -- Ensayo por Ramón López. aPremio APEC al periodismo ¨José Ramón López¨ 1986. aBNPD1 aMoya Pons, Frank,d1944-eintrod.92095 001054708PDaPDbPDcCTd2011-03-28iLF1l0oxxx S471lp26919-10r2020-06-25w2020-06-25yLFPDZPréstamo en sala c26411d26411